00469nam a2200157Ia 450000500170000000800410001708200130005810000190007124500250009026000390011530000190015465000180017394200060019195200990019799900150029620250403041332.0240331s9999 xx 000 0 und d bSUBa894 aSubramaniam, A 0aNeethipathiyin mahan aColombobShakthi enterprisesc1999 aXIII, 129 p ., aShort Stories cL 001040708LaWERCLbWERCLcSSCd2024-03-31l0o 894.811 SUBp2908r2024-03-31w2024-03-31yL c3810d3810